| 000 | 00623nam a2200229Ia 4500 | ||
|---|---|---|---|
| 003 | OSt | ||
| 005 | 20221006163931.0 | ||
| 006 | a|||||r|||| 00| 0 | ||
| 007 | ta | ||
| 008 | 221006b |||||||| |||| 00| 0 hin d | ||
| 024 | _a3,746 | ||
| 037 | _cTextual | ||
| 040 |
_aFML _cFML _bhin |
||
| 041 |
_2hin _ahin |
||
| 082 | _aT : 3 (NR), P3 -;2 | ||
| 100 |
_aUppal Savita Au. _9676233 |
||
| 245 | 0 | _aSangeet Shikshan evam Manovigyaan | |
| 260 |
_aChandigarh _bModern Book House _c2003 |
||
| 300 |
_a92 _ccm. |
||
| 942 |
_hT : 3 (NR), P3 -;2 _cTEXL _2CC |
||
| 999 |
_c1115757 _d1115757 |
||